000 00506nam a2200157Ia 4500
003 OSt
005 20230531101109.0
008 211028s2007 xx 000 0 und d
040 _cAIMIT LIBRARY
041 _aeng
100 _aRai, Soumya N; Varkey, P Shine.
_g50971418
_98962
110 _aShine P Varkey
_98963
245 _aAlpha- D-glucose -1- phophate thymidylyltransferase as therapeutic target for mycobacterium tuberculosis an insilico approach.
260 _aMangalore
_c2007
942 _2ddc
_cPRO
999 _c220144
_d220144